Diálogos por México /

Presentación en DVD de los once programas de la serie televisual Diálogos por México, producida y emitida a partir del 12 de noviembre de 2005 por la compañía Televisa de cara a las elecciones del 2 de julio de 2006, con los propósitos de identificar y analizar los principales problemas del país y a...

Szczegółowa specyfikacja

Zapisane w:
Opis bibliograficzny
Kolejni autorzy: Calderón Hinojosa, Felipe (autor) (autor), Madrazo Pintado, Roberto (autor) (autor), López Obrador, Andrés Manuel (autor) (autor), Mercado Castro, Patricia (autor) (autor), Aguilar Camín, Héctor (entrevista) (entrevista), Rubio, Luis (entrevista) (entrevista), Aguilar Villanueva, Luis F. (entrevista) (entrevista), Krauze, Enrique (entrevista) (entrevista), Lustig, Nora (entrevista) (entrevista), Cordera Campos, Rolando (entrevista) (entrevista), Reyes Heroles González Garza, Jesús (entrevista) (entrevista), Esquivel, Gerardo (entrevista) (entrevista), Loyo Brambila, Aurora (entrevista) (entrevista), López-Dóriga, Joaquín (conducción) (conducción), Gómez, Leopoldo (producción ejecutiva) (producción ejecutiva), Barros, José Luis (coordinación) (coordinación), Ortega, Juan Manuel (coordinación) (coordinación), Ocampo, Yolanda (producción) (producción), Soto, Octavio (realización) (realización)
Format: Diapozytyw
Język:hiszpański
Wydane: México : Televisa, 2005, c2005
México : Alter Films [distribución], 2006, c2006
Hasła przedmiotowe:
Etykiety: Dodaj etykietę
Nie ma etykietki, Dołącz pierwszą etykiete!

MARC

LEADER 00000ngm^a2200000^a^4500
001 000262751
005 20250521000000.0
009 20260310110553.372
037 |a Acervo ITESO - Biblioteca 
041 |a ESP 
082 |a 324. 9720711  |b DIA V. 1 
240 1 1 |a [Diálogos por México] 
245 0 0 |a Diálogos por México /  |c F. Calderón Hinojosa... [et al.] ; entrevistados por H. Aguilar Camín... [et al.] ; conducción de J. López-Dóriga ; prod. ejecutiva de L. Gómez ; coord. general de J.L. Barros, J.M. Ortega ; prod. de Y. Ocampo ; realización de O. Soto. 
264 4 |a México :  |b Televisa,  |c 2005, c2005 
264 4 |a México :  |b Alter Films [distribución],  |c 2006, c2006 
300 |a 1 DVD regiones 1 y 4  |c (79, 77, 79, 80 min.) 
336 |a imagen móvil bidimensional  |b tdi  |2 rdacontenido 
337 |a video  |b v  |2 rdamedio 
338 |a videodisco  |b vd  |2 rdasoporte 
520 |a Presentación en DVD de los once programas de la serie televisual Diálogos por México, producida y emitida a partir del 12 de noviembre de 2005 por la compañía Televisa de cara a las elecciones del 2 de julio de 2006, con los propósitos de identificar y analizar los principales problemas del país y alentar la formulación de soluciones en un marco de pluralidad y tolerancia. El Comité Técnico de la serie, integrado por analistas destacados en actividades académicas, intelectuales y de consultoría especializada, elaboró un cuestionario en torno a cuatro ejes temáticos (economía, combate a la pobreza, educación y salud y seguridad pública y jurídica) que fue remitido previamente a los entonces precandidatos a la presidencia de México: Felipe Calderón Hinojosa, Roberto Madrazo Pintado, Andrés Manuel López Obrador y Patricia Mercado Castro. La primera etapa de la serie consistió en cuatro transmisiones en vivo y sin cortes, conducidas por el periodista Joaquín López-Dóriga, en las que los aspirantes presentaron respectivamente sus propuestas de gobierno y tuvieron como interlocutores a miembros del Comité Técnico. La segunda y más extensa fase agrupa siete emisiones, en las que especialistas examinan las propuestas de los precandidatos respecto a políticas sectoriales (económica, salud pública, educativa, etcétera), con base en las respuestas escritas de los aspirantes al cuestionario previo como de sus planteamientos expuestos en los programas de la primera etapa. La presentación en DVD está dividida en tres tomos de doble cara -es decir, con lado 1 y lado 2- e inicia con el volumen que reúne las cuatro emisiones de la primera etapa. Una publicación impresa resultante de esta serie, editada con el mismo título, se encuentra disponible en el acervo general de la Biblioteca del ITESO. 
649 |a XX 
650 |a Candidatos Políticos Mexicanos -  |x Entrevistas -  |x Tema Principal 
650 |a Políticos Mexicanos -  |x Entrevistas 
650 |a Mujeres Mexicanas -  |x Entrevistas 
650 |a Entrevistas Mexicanas 
650 |a Periodismo Político -  |z México 
650 |a Periodismo Televisivo -  |z México 
650 |a Televisión -  |z México -  |y 2000-2009 
650 |a Televisión -  |z México -  |y Siglo XXI 
650 |a Comunicación y Democracia -  |z México 
650 |a Comunicación y Política -  |z México 
650 |a Pobreza -  |z México 
650 |a Seguridad Pública -  |z México 
650 |a Problemas Sociales -  |z México 
650 |a Política y Salud Pública -  |z México 
650 |a Salud Pública -  |z México 
650 |a Política Educativa -  |z México 
650 |a Educación -  |z México 
650 |a Política Social -  |z México 
650 |a Política Económica -  |z México 
650 |a Economía -  |z México -  |x Historia -  |y 2000-2006 
650 |a Economía -  |z México -  |x Historia -  |y Siglo XXI 
650 |a Plataforma Política -  |z México -  |x Tema Principal 
650 |a Elecciones -  |z México -  |x Historia -  |y 2000-2006 
650 |a Elecciones -  |z México -  |x Historia -  |y Siglo XXI 
650 |a México -  |x Condiciones Políticas 
650 |a Política -  |z México -  |x Historia -  |y 2000-2006 
650 |a Política -  |z México -  |x Historia -  |y Siglo XXI 
650 |a Calderón Hinojosa, Felipe 
650 |a López Obrador, Andrés Manuel 
650 |a Madrazo Pintado, Roberto 
650 |a Mercado, Patricia 
740 0 |a Diálogos por México :  |b Felipe Calderón Hinojosa /  |c F. Calderón Hinojosa ; entrevistado por H. Aguilar Camín, L. Rubio, L.F. Aguilar Villanueva ; conducción de J. López-Dóriga ; prod. ejecutiva de L. Gómez ; coord. general de J.L. Barros, J.M. Ortega ; prod. de Y. Ocampo ; realización de O. Soto. 
740 0 |a Diálogos por México :  |b Roberto Madrazo Pintado /  |c R. Madrazo Pintado ; entrevistado por H. Aguilar Camín, E. Krauze, N. Lustig ; conducción de J. López-Dóriga ; prod. ejecutiva de L. Gómez ; coord. general de J.L. Barros, J.M. Ortega ; prod. de Y. Ocampo ; realización de O. Soto. 
740 0 |a Diálogos por México :  |b Andrés Manuel López Obrador /  |c R. Madrazo Pintado ; entrevistado por R. Cordera Campos, E. Krauze, J. Reyes Heroles González Garza ; conducción de J. López-Dóriga ; prod. ejecutiva de L. Gómez ; coord. general de J.L. Barros, J.M. Ortega ; prod. de Y. Ocampo ; realización de O. Soto. 
740 0 |a Diálogos por México :  |b Patricia Mercado Castro /  |c P. Mercado Castro ; entrevistada por L.F. Aguilar Villanueva, G. Esquivel, A. Loyo Brambila ; conducción de J. López-Dóriga ; prod. ejecutiva de L. Gómez ; coord. general de J.L. Barros, J.M. Ortega ; prod. de Y. Ocampo ; realización de O. Soto. 
700 |a Calderón Hinojosa, Felipe  |e (autor) 
700 |a Madrazo Pintado, Roberto  |e (autor) 
700 |a López Obrador, Andrés Manuel  |e (autor) 
700 |a Mercado Castro, Patricia  |e (autor) 
700 |a Aguilar Camín, Héctor  |e (entrevista) 
700 |a Rubio, Luis  |e (entrevista) 
700 |a Aguilar Villanueva, Luis F.  |e (entrevista) 
700 |a Krauze, Enrique  |e (entrevista) 
700 |a Lustig, Nora  |e (entrevista) 
700 |a Cordera Campos, Rolando  |e (entrevista) 
700 |a Reyes Heroles González Garza, Jesús  |e (entrevista) 
700 |a Esquivel, Gerardo  |e (entrevista) 
700 |a Loyo Brambila, Aurora  |e (entrevista) 
700 |a López-Dóriga, Joaquín  |e (conducción) 
700 |a Gómez, Leopoldo  |e (producción ejecutiva) 
700 |a Barros, José Luis  |e (coordinación) 
700 |a Ortega, Juan Manuel  |e (coordinación) 
700 |a Ocampo, Yolanda  |e (producción) 
700 |a Soto, Octavio  |e (realización) 
910 |a Fondo General 
920 |a Audiovisuales - DVDs 
905 |a 302 
901 |a 0500138852  |b IT2  |c DVS  |u 20250521 
902 |a https://opac.biblio.iteso.mx/vufind/Record/000262751